| Tag |
First Indicator |
Second Indicator |
Subfields |
| LEADER |
00000cam a2200000 4500 |
| 001 |
in00003878613 |
| 005 |
20190415192657.0 |
| 006 |
m o d |
| 007 |
cr |n||||||||n |
| 008 |
830712s1768 xxu|||| o |00| | eng c |
| 035 |
|
|
|a (CU-RivES)W21964
|
| 035 |
|
|
|a (Uk-ES)006440014
|
| 035 |
|
|
|a (OCoLC)511101194
|
| 040 |
|
|
|a MWA
|c MWA
|d CU-RivES
|d CStRLIN
|d Cengage Gale
|d UtOrBLW
|
| 050 |
|
4 |
|a Z1215
|b .T835 1768
|
| 100 |
1 |
|
|a Tucker, John,
|d 1719-1792.
|0 http://id.loc.gov/authorities/names/n85351591
|
| 245 |
1 |
4 |
|a The Rev. Aaron Hutchinson's Reply to the Remarks on his sermon preached at Newbury-Port, April 23, 1767, and intitled Valour for the truth; considered :
|b by John Tucker, author of said Remarks. [Four lines of Scripture texts].
|
| 264 |
|
3 |
|a Boston, New-England :
|b Printed and sold by Thomas and John Fleet, in Cornhill; sold also by Bulkeley Emerson and Daniel Balch, in Newbury-Port,
|c 1768.
|
| 300 |
|
|
|a 1 online resource (40 pages)
|
| 336 |
|
|
|a text
|b txt
|2 rdacontent
|
| 337 |
|
|
|a computer
|b c
|2 rdamedia
|
| 338 |
|
|
|a online resource
|b cr
|2 rdacarrier
|
| 500 |
|
|
|a Dated: Newbury, March 29, 1768.
|
| 509 |
|
|
|a Signatures: A-E⁴
|
| 510 |
4 |
|
|a Evans,
|c 11101
|
| 510 |
4 |
|
|a Sabin,
|c 97323
|
| 510 |
4 |
|
|a English Short Title Catalog,
|c W21964.
|
| 500 |
|
|
|a Reproduction of original from Boston Public Library.
|
| 500 |
|
|
|a Electronic resource.
|
| 650 |
|
0 |
|a Arminianism.
|0 http://id.loc.gov/authorities/subjects/sh85007324
|
| 650 |
|
0 |
|a Calvinism.
|0 http://id.loc.gov/authorities/subjects/sh85019050
|
| 655 |
|
7 |
|a Electronic books.
|2 local
|
| 655 |
|
7 |
|a Addresses.
|2 rbgenr
|
| 700 |
1 |
|
|a Fleet, Thomas,
|d 1732-1797,
|e printer.
|0 http://id.loc.gov/authorities/names/n85323032
|
| 700 |
1 |
|
|a Fleet, John,
|d 1734-1806,
|e printer.
|0 http://id.loc.gov/authorities/names/n85323030
|
| 700 |
1 |
|
|a Emerson, Bulkeley,
|d 1732-1801,
|e bookseller.
|0 http://id.loc.gov/authorities/names/n87838019
|
| 700 |
1 |
|
|a Balch, Daniel,
|d 1735-1790,
|e bookseller.
|0 http://id.loc.gov/authorities/names/n84136109
|
| 710 |
2 |
|
|a Gale (Firm)
|0 http://id.loc.gov/authorities/names/no2008071348
|
| 752 |
|
|
|a United States
|b Massachusetts
|d Boston.
|
| 752 |
|
|
|a United States
|b Massachusetts
|d Newburyport.
|
| 856 |
4 |
0 |
|u http://proxy.library.tamu.edu/login?url=http://find.galegroup.com/ecco/infomark.do?contentSet=ECCOArticles&docType=ECCOArticles&bookId=1461101300&type=getFullCitation&tabID=T001&prodId=ECCO&docLevel=TEXT_GRAPHICS&version=1.0&source=library&userGroupName=txshracd2898
|z Connect to the full text of this electronic book
|t 0
|
| 999 |
f |
f |
|s e14cc920-578e-3715-9386-67ed9af3b5c3
|i 5bb3844b-73f1-3bc5-aa7e-d55d9c9e0447
|t 0
|
| 952 |
f |
f |
|a Texas A&M University
|b College Station
|c Electronic Resources
|d Available Online
|t 0
|e Z1215 .T835 1768
|h Library of Congress classification
|
| 998 |
f |
f |
|a Z1215 .T835 1768
|t 0
|l Available Online
|